[Event "Wroclaw Anderssen Memorial op-C"]
[Site "Wroclaw"]
[Date "2023.??.??"]
[Round "4"]
[White "Kabarowski, Tomasz Maciej"]
[Black "Koliczko, Oskar"]
[Result "1-0"]
[WhiteElo "1179"]
[BlackElo "1367"]
[PlyCount "63"]
[EventDate "2023.08.06"]
[EventType "swiss"]
[EventRounds "9"]
[EventCountry "POL"]
[SourceTitle "EXT 2024"]
[Source "ChessBase"]
[SourceDate "2023.10.10"]
[SourceVersion "1"]
[SourceVersionDate "2023.10.10"]
[SourceQuality "1"]

1. e4 e5 2. Nf3 Nc6 3. Bc4 Bc5 4. b4 Bxb4 5. c3 Be7 6. 0-0 d6 7. d4 Nf6 8. Re1 0-0 9. d5 Na5 10. Bf1 c6 11. c4 cxd5 12. cxd5 b6 13. Qd3 Nb7 14. Nc3 Nc5 15. Qe3 Ng4 16. Qe2 f5 17. exf5 Bxf5 18. h3 Nf6 19. Qe3 Rc8 20. Bb2 Nh5 21. g4 Nf4 22. gxf5 Bg5 23. Nxg5 Qxg5+ 24. Qg3 Qh6 25. Qg4 Rf6 26. Ne4 Nxe4 27. Rxe4 Rcf8 28. Rxf4 exf4 29. Bxf6 Rxf6 30. Re1 g6 31. Re6 Rxf5 32. Qxf5 1-0

[Event "Wroclaw Anderssen Memorial op-C"]
[Site "Wroclaw"]
[Date "2023.??.??"]
[Round "6"]
[White "Kazubski, Kacper"]
[Black "Kabarowski, Tomasz Maciej"]
[Result "1-0"]
[WhiteElo "1341"]
[BlackElo "1179"]
[PlyCount "149"]
[EventDate "2023.08.06"]
[EventType "swiss"]
[EventRounds "9"]
[EventCountry "POL"]
[SourceTitle "EXT 2024"]
[Source "ChessBase"]
[SourceDate "2023.10.10"]
[SourceVersion "1"]
[SourceVersionDate "2023.10.10"]
[SourceQuality "1"]

1. e4 d5 2. exd5 Qxd5 3. Nc3 Qa5 4. d4 Bf5 5. Bd3 Nf6 6. Nf3 Bg6 7. 0-0 c6 8. Bf4 Bh5 9. Re1 e6 10. a3 Qd8 11. Bc4 Bd6 12. Bxd6 Qxd6 13. Ne4 Nxe4 14. Rxe4 Nd7 15. c3 0-0 16. Bd3 Rae8 17. Qc2 Bxf3 18. gxf3 f5 19. Rh4 Rf6 20. Kh1 Rg6 21. Qb3 Qd5 22. Qxd5 cxd5 23. Re1 Rf8 24. Rh3 a6 25. Rg3 Kf7 26. c4 Kf6 27. f4 Rc8 28. c5 Nb8 29. Bc2 Rxg3 30. hxg3 b5 31. b4 Nc6 32. Rd1 g5 33. fxg5+ Kxg5 34. f4+ Kf6 35. Kg2 h5 36. Kf2 Rg8 37. Rd3 h4 38. gxh4 Rg4 39. Kf3 Rxh4 40. Kg3 Rh1 41. Bd1 Re1 42. Bh5 Ke7 43. Bd1 Re4 44. a4 Nxb4 45. Rb3 Rxd4 46. axb5 axb5 47. Be2 Kd8 48. Bxb5 Kc7 49. Ra3 Nc6 50. Ra6 Nd8 51. Ra7+ Kb8 52. Rd7 Nb7 53. c6 Nc5 54. c7+ Kc8 55. Rd6 Re4 56. Rc6 Re3+ 57. Kf2 Rc3 58. Ba6+ Nxa6 59. Rxc3 Nxc7 60. Ke3 Kd7 61. Rb3 Kd6 62. Kd4 Ne8 63. Rb6+ Ke7 64. Ke5 Ng7 65. Rb7+ Kf8 66. Kf6 Nh5+ 67. Kg5 Ng7 68. Kg6 Ne8 69. Rf7+ Kg8 70. Re7 Kf8 71. Rxe6 d4 72. Re5 Nc7 73. Kxf5 Kf7 74. Ra5 Ne6 75. Ra7+ 1-0